| 000 | 00440nam a22001817a 4500 | ||
|---|---|---|---|
| 005 | 20231024152710.0 | ||
| 008 | 231016b |||||||| |||| 00| 0 eng d | ||
| 020 | _a0077090519 | ||
| 082 |
_a658.562 _bTHO-H |
||
| 100 | _aThomas; Brian | ||
| 245 | _aThe Human Dimension of Quality | ||
| 260 |
_aEngland _bMcGraw-Hill _c1995 |
||
| 300 | _a256 | ||
| 500 | _aInclude Index | ||
| 650 | _aManagement | ||
| 700 | _aBrian Thomas | ||
| 999 |
_c33923 _d33923 |
||